000 00874cam a22002537a 4500
999 _c12043
_d12043
003 OSt
005 20240117155541.0
008 070817s2003 enka 000 0 eng
020 _a9780727731494
020 _a0727731491
082 0 4 _a624.1773
_221
_bBAN
100 1 _aBangash, M. Y. H.
245 1 0 _aElements of spatial structures :
_banalysis and design /
_cM.Y.H. Bangash and T. Bangash.
260 _aLondon :
_bThomas Telford,
_c2003.
300 _axviii, 669 p. :
_bill. ;
_c25 cm.
504 _aIncludes bibliographical references.
650 0 _aStructural analysis (Engineering)
650 0 _aSpace frame structures.
650 0 _aShells (Engineering)
700 1 _aBangash, T.
906 _a7
_bcbc
_ccopycat
_d2
_encip
_f20
_gy-gencatlg
942 _2ddc